Văn Học Nước Ngoài /

Zapisane w:
Opis bibliograficzny
Korporacja: Hội Nhà Văn Việt Nam
Format: Czasopismo
Język:Vietnamese
Wydane: H.: Hội Nhà Văn Việt Nam, 1996.
Etykiety: Dodaj etykietę
Nie ma etykietki, Dołącz pierwszą etykiete!
Thư viện lưu trữ: Thư viện Trường Đại học Đà Lạt
LEADER 00560nam a2200229 4500
001 DLU040026251
040 # # |a dlu  |b vie 
041 # # |a vie 
245 # # |a Văn Học Nước Ngoài /  |c Hội Nhà Văn Việt Nam 
260 # # |a H.:  |b Hội Nhà Văn Việt Nam,  |c 1996. 
300 # # |a v.;  |c 24cm. 
310 # # |a hai tháng một kỳ 
710 # # |a Hội Nhà Văn Việt Nam 
994 # # |a DLU 
900 # # |a True 
911 # # |a Lê Thị Mạnh Xuân  
925 # # |a G 
926 # # |a A 
927 # # |a TT 
980 # # |a Thư viện Trường Đại học Đà Lạt